| 000 | 00000nam##2200000za#4500 |
| 001 | 9.529512 |
| 003 | CaOODSP |
| 005 | 20200327074326 |
| 007 | ta |
| 008 | 150406|1997||||xxc||||| f|0| 0 eng|d |
| 020 | |a0-660-60308-X |
| 040 | |aCaOODSP|beng |
| 041 | |aeng |
| 041 | |afre |
| 043 | |an-cn--- |
| 086 | 1 |aBT31-4/22-1997 |
| 110 | 1 |aCanada. |bTreasury Board. |
| 245 | 10|aCanadian Centre for Occupational Health and Safety |
| 260 | |aOttawa - Ontario : |bTreasury Board of Canada Secretariat |c1997. |
| 300 | |aEnglish text, 21p. : |btables ; |c28 cm. |
| 490 | 1 |aPerformance report for the period ending March 31, 1997 |
| 546 | |aBilingual |
| 563 | |aSoftcover |
| 590 | |a97-46|b1997-11-14 |
| 776 | 0#|tCanadian Centre for Occupational Health and Safety, performance report for the period ending March 31, 1997 |w(CaOODSP)9.568554 |
| 776 | 0#|tCentre canadien d'hygiène et de sécurité au travail, rapport sur le rendement pour la période se terminant le 31 mars 1997 |w(CaOODSP)9.599828 |
| 792 | |tCentre canadien d'hygiène et de sécurité au travail|efre|w(CaOODSP)9.529513 |
| 830 | #0|aPerformance report for the period ending March 31, 1997.|w(CaOODSP)9.508972 |